000 00611nam a2200253Ia 4500
001 8410
003 GE_BSU
008 181216s||||||||xx |||||||||||||| ||und||
020 _a9780582777248
040 _cGE_BSU
080 _a811.111(075)
100 _aBurgess, Sally.with Jasky Newbrook and Judith Wilson.
245 _aNew first certificate:Gold
245 _bExam maximiser
260 _aEdinburgh
260 _bLongman.
260 _c2007
300 _a160p;Ill.27cm.
300 _b+1cd.
541 _h14Gel.
653 _aExam maximiser
653 _aNew first certificate:Gold
942 _cBK
999 _c41729
_d41729